000 00503nam a2200169Ia 4500
008 230718s9999 xx 000 0 und d
020 _a9788126527717
041 _aeng
082 _a658.8'3
_bJEF
100 _aJeffery M.
_9175228
245 _aData-Driven Marketing:
_bThe 15 Metrics Everyone In Marketing Should Know
260 _c2010
_bTimes Group books
300 _a298
365 _cRs.
_b575.00
700 _aJeffery M.
_9175228
906 _dO:0140118-Dec-2010B:641329-Nov-2010
_cGENRL
_b143.75
999 _c326659
_d326659